La Identidad de género en las fuerzas de seguridad centroamericana: el caso de Costa Rica /

保存先:
書誌詳細
第一著者: Sáenz, Guillermo
フォーマット: テキスト
主題:
タグ: タグ追加
タグなし, このレコードへの初めてのタグを付けませんか!

MARC

LEADER 00000 a a2200000 04500
001 5000
003
040
100 |a Sáenz, Guillermo  
245 |a La Identidad de género en las fuerzas de seguridad centroamericana: el caso de Costa Rica /  |c Guillermo Sáenz 
650 |a GENERO  
650 |a POLICIA  
650 |a SEGURIDAD SOCIAL  
650 |a IGUALDAD DE GENERO  
773 |g número 39; páginas 5-6  
999 |c 35462  |d 35462